Gastro-Intestinal parasites in chicken At Snayanhcit commune, Chumkirict, kampot province, បរាសិតក្នុងប្រដាប់រំលាយអាហារមាន់នៅឃុំស្នាយអញ្ចិត ស្រុកជុំគីរី ខេត្តកំពត, (Record no. 24738)

000 -LEADER
fixed length control field 00676nam a22001337a 4500
040 ## - CATALOGING SOURCE
Transcribing agency RUA
082 ## - DEWEY DECIMAL CLASSIFICATION NUMBER
Classification number VEM KOR 2024 B1.330 Or.1
100 ## - MAIN ENTRY--AUTHOR NAME
Personal name KORB SEYHA, កប សីហា
245 ## - TITLE STATEMENT
Title Gastro-Intestinal parasites in chicken At Snayanhcit commune, Chumkirict, kampot province, បរាសិតក្នុងប្រដាប់រំលាយអាហារមាន់នៅឃុំស្នាយអញ្ចិត ស្រុកជុំគីរី ខេត្តកំពត,
260 ## - PUBLICATION, DISTRIBUTION, ETC. (IMPRINT)
Place of publication PHNOM PENH
Name of publisher RUA
Year of publication 2024
300 ## - PHYSICAL DESCRIPTION
Number of Pages xii,
Other physical details ill,
Dimensions 29cm,
856 ## - ELECTRONIC LOCATION AND ACCESS
Uniform Resource Identifier https://drive.google.com/file/d/1hH9p3YpZ5XDmLxYqQ_5Rd-KbTuILLWr8/view?usp=sharing
942 ## - ADDED ENTRY ELEMENTS (KOHA)
Koha item type VEM
952 ## - LOCATION AND ITEM INFORMATION (KOHA)
Withdrawn status [LOCAL, KOHA] 0
952 ## - LOCATION AND ITEM INFORMATION (KOHA)
Withdrawn status [LOCAL, KOHA] 0
952 ## - LOCATION AND ITEM INFORMATION (KOHA)
Withdrawn status [LOCAL, KOHA] 0
Holdings
Permanent Location Date acquired Koha item type Lost status Shelving location Barcode Current Location Full call number
Library Block B2025-04-29VEM B1.330A083469Library Block BVEM KOR 2024 B1.330 Or.1
Library Block B2025-04-29VEM B1.330A083268Library Block BVEM KOR 2024 B1.330 Or.2
Library Block B2025-04-29VEM B1.330A083269Library Block BVEM KOR 2024 B1.330 Or.3
មជ្ឈមណ្ឌលឯការនៃសាកលវិទ្យាល័យភូមិន្ទកសិកម្មចំការដូង

Powered by Koha